000 01010nam a22002897a 4500
001 7776
003 FISKH
005 20250808144313.0
008 250805b cb ||||| |||| 00| 0 eng d
020 _a0590372033
040 _aFISKH
_beng
_cFISKH
_dFISKH
050 _aPZ7.C458 D
082 _a813.54
100 _aChristopher, Matt
245 _aThe dog that pitched a no-hitter /
_cBy Matt Christopher : Illustrated by Daniel Vasconcellos
260 _aNew York :
_bScholastic ,
_c1988.
300 _a42 pages :
_billustrations ;
_c20 cm .
505 _aM
520 _aMike's telepathic dog Harry is able to send him secret signals about the opposing players on the baseball field, but Mike's weak pitching arm requires them to find another plan to save the game.
521 8 _a530
_bLexile estimate
521 8 _aM
_bRaz-Plus
650 _aBaseball
_vFiction
650 _aDogs
_vFiction
700 _aVasconcellos, Daniel
_eIllustrator
942 _2ddc
_cBK
_n0
999 _c7776
_d7776